Storytelling rights : the uses of oral and written texts by urban adolescents
| Published in: | Cambridge studies in oral and literate culture |
|---|---|
| Main Author: | |
| Content type: | Book |
| Published: |
Cambridge:
Univ. Pr.
1986
|
| Series: | Cambridge studies in oral and literate culture ; 11 |
| Source: | MPIPL_cat |
MARC
| LEADER | 00000nam a2200000 ub4500 | ||
|---|---|---|---|
| 001 | PL0053088 | ||
| 003 | PLI01000000000000000052812 | ||
| 005 | 00000000000000.0 | ||
| 008 | ||| u | ||
| 020 | |a 0-521-32846-2 | ||
| 020 | |a 9780521328463 | ||
| 090 | |a 213-Shu/1 | ||
| 100 | 1 | |a Shuman, Amy | |
| 245 | 0 | 0 | |a Storytelling rights |b the uses of oral and written texts by urban adolescents |c Amy Shuman |
| 260 | |a Cambridge |b Univ. Pr. |c 1986 | ||
| 300 | |a VIII, 227 S. | ||
| 490 | 0 | |a Cambridge studies in oral and literate culture |v 11 | |
| 830 | 0 | |w PL0000945 | |
| 852 | |c 213-Shu/1 |m BOOK | ||